Lobbyists, governments and public trust implementing the OECD principles for transparency and integrity in lobbying

Enregistré dans:
Détails bibliographiques
Format: Livre
Langue:anglais
Publié: Paris OECD 2014
Sujets:
Tags: Ajouter un tag
Pas de tags, Soyez le premier à ajouter un tag!

MARC

LEADER 00000nam$a2200000$$$4500
001 0197828
005 20240315120901.2
020 |a 978-92-64-21421-7 
041 0 |a eng 
044 |a FR 
245 1 0 |a Lobbyists, governments and public trust  |b implementing the OECD principles for transparency and integrity in lobbying 
264 1 |a Paris  |b OECD  |c 2014 
300 |a 223 s. 
610 2 0 |a vláda 
610 2 0 |a orgány zastupiteľské 
610 2 0 |a politika verejná 
610 2 0 |a lobizmus 
610 2 0 |a rozhodovanie 
610 2 0 |a riziko 
610 2 0 |a transparentnosť 
610 2 0 |a legislatíva